000 00611nam a22002177a 4500
003 UA-OsUOA
001 39056
007 ta
008 20060608b un ||||| |||| 00| 0 ukr d
100 _aЛобан Мирослава
090 _a008
_bЛ11
942 _cSA
040 _aUA-OsUOA
_bukr
_cUA-OsUOA
_dUA-OsUOA
245 _aПерші кроки екологічного туризму
300 _a9 с.
955 _a0
041 _aukr
080 _a008
773 0 _w39054
_tВільне слово
_dРівне
_d2006
_g45
650 7 _a008 Цивілізація. Культура. Прогрес
_2UDC
999 _c325201
_d325201